000 00387nam a2200145Ia 4500
008 240624s9999 xx 000 0 und d
041 _aeng
082 _a658.15 CHA
100 _aCHANDRA PRASANNA
245 _aFINANCE SENSE FINANCE FOR NON FINANCE EX
250 _a(4th ed.)
260 _c2010
_aNew Delhi
_bTata McGraw-Hill
300 _axvi, : 495 : p. : cm. ; 23
365 _cRS
_b33
999 _c25477
_d25477